000 00589nam a2200217 a 4500
001 0001-1976
003 ELIB.Books
008 190122 2010 eng
020 _a0687074517
092 _a259 Pat
_bPat
100 _aPatton, John.
245 _aChristian Marriage and Family
_bCaring for Our Generation
260 _aNashville
_bAbingdon Press
_c1988
300 _a236
_c20.6 cm
650 _aFamily- Religious Life
856 _nKBTS Library
_uKBTS Elib
942 _2ddc
_cBK
990 _a2
998 _aEnglishbooks.elf
_ccat
_e2019-01-22
999 _c11976
_d11976